Modern life insurance : a textbook of income insurance /

Saved in:
Bibliographic Details
Main Author: Mehr, Robert Irwin
Other Authors: Osler, Robert W.
Format: Book
Language:English
Published: N.Y. : Macmillan, 1956.
Edition:Rev. ed.
Subjects:
LEADER 00792nam a22002171 4500
001 c000366307
003 CARM
005 00000000000000.0
008 851211s1956 nyu 0 eng d
019 1 |a 26989289  |z 4166217  |5 LACONCORD2021 
035 |a (OCoLC)680553  |5 LACONCORD2021 
100 1 |a Mehr, Robert Irwin. 
245 1 0 |a Modern life insurance :  |b a textbook of income insurance /  |c by R.I.Mehr and R.W.Osler. 
250 |a Rev. ed. 
260 |a N.Y. :  |b Macmillan,  |c 1956. 
650 0 |a Insurance, Life. 
700 1 |a Osler, Robert W. 
852 8 |b CARM  |h A1:AL35C0  |i C10576  |p 0436289  |f BK 
082 0 4 |a 368.3 
999 f f |i b657f982-2f6b-5669-b0ca-4ae9d83e91f4  |s 9c1b25fa-2533-5477-8d9d-f270c9e518e0 
952 f f |p Can circulate  |a CAVAL  |b CAVAL  |c CAVAL  |d CARM 1 Store  |e C10576  |f A1:AL35C0  |h Other scheme  |i book  |m 0436289